000 00486nam a2200181Ia 4500
005 20250326124753.0
008 250326s9999 xx 000 0 und d
037 _aTextbook
040 _aFMSL
_beng
_cFMSL
041 _aeng
_2eng
084 _aX:89P J0
_qFMSL
100 _aWillsmore A W
245 0 _aProduct development and design
_cWillsmore A W
260 _aLondon
_bLondon, Pitman
_c1950
300 _a132p
942 _cTB
_hX:89P J0
999 _c1275130
_d1275130